=LDR 00000nam 2200000 4500 =001 NUTBA000000000003390 =005 20140818103822.0 =006 =007 =008 =020 ##$$a 979-453-086-6 =035 ##$$a 0010-081400000000235 =040 ##$$a NBPDMAT =082 ##$$a 510 =090 ##$$a 510 $b Suw o =100 ##$$a Suwah Sembering =245 ##$$a Olimpiade matematika untuk SMA / MA / $c Suwah Sembiring =250 ##$$a Cet.11 =260 ##$$a Bandung : $b Yrama Widya, $c 2010 =300 ##$$a 192 hlm. ; $c 24 cm. =500 ##$$a Bibliografi : hlm. 192 =650 ##$$a Matematika - SMA - Studi dan Pengajaran =850 ##$$a NBPDMAT =990 ##$$a 21404752 =990 ##$$a 0001/BPAP-NTB/20142014